99 Soal - Jawab KMK (Kumpulan Meningkat Mutu Kerja ) / (Record no. 27314)

000 -LEADER
fixed length control field 00802nam a22002297a 4500
001 - CONTROL NUMBER
control field 0000002920
003 - CONTROL NUMBER IDENTIFIER
control field PPM
005 - DATE AND TIME OF LATEST TRANSACTION
control field 20260605151725.0
008 - FIXED-LENGTH DATA ELEMENTS--GENERAL INFORMATION
fixed length control field 260605b ||||| |||| 00| 0 eng d
020 ## - INTERNATIONAL STANDARD BOOK NUMBER
Qualifying information Paperback
035 ## - SYSTEM CONTROL NUMBER
System control number 0000002920
040 ## - CATALOGING SOURCE
Language of cataloging Malay
Transcribing agency Pusat Penyelidikan Mineral, Jabatan Mineral Dan Geosains Malaysia
Modifying agency PPM
Description conventions RDA
082 00 - DEWEY DECIMAL CLASSIFICATION NUMBER
Edition number 22
Classification number 658.562
Item number ZAK 1999
100 1# - MAIN ENTRY--PERSONAL NAME
Personal name Zakaria Ahmad
Relator term author
245 10 - TITLE STATEMENT
Title 99 Soal - Jawab KMK (Kumpulan Meningkat Mutu Kerja ) /
Statement of responsibility, etc. oleh Zakaria Ahmad
260 #1 - PUBLICATION, DISTRIBUTION, ETC.
Place of publication, distribution, etc. Kuala Lumpur :
Name of publisher, distributor, etc. Institut Tadbir Negara Malaysia ,
Date of publication, distribution, etc. 1999
300 00 - PHYSICAL DESCRIPTION
Extent vi, 36 pages .:
Other physical details graph, illustrations.;
Dimensions 24 cm
504 ## - BIBLIOGRAPHY, ETC. NOTE
Bibliography, etc. note Mengandungi rujukan bibliografi (p.: 36)
650 10 - SUBJECT ADDED ENTRY--TOPICAL TERM
Topical term or geographic name entry element Work measurement
Geographic subdivision Malaysia
710 1# - ADDED ENTRY--CORPORATE NAME
Corporate name or jurisdiction name as entry element Institut Tadbiran Awam Negara
942 ## - ADDED ENTRY ELEMENTS (KOHA)
Source of classification or shelving scheme
Koha item type Books
Holdings
Withdrawn status Lost status Source of classification or shelving scheme Damaged status Not for loan Collection code Permanent Location Current Location Shelving location Date acquired Total Checkouts Full call number Date last seen Price effective from Koha item type
Available         Open Shelf PPM PPM Open Shelf 05/06/2026   658.562 ZAK 1999 05/06/2026 05/06/2026 Books